Reglamento para la concesión de pensiones de retiro, de viudedad y de orfandad a los empleados en las líneas de la Compañía de los ferrocarriles de Madrid a Zaragoza y a Alicante y a las familias de dichos empleados
Descripción Física:
18 p. ; 17 cm
MARC
| LEADER | 00000nam a2200000Ia 4500 | ||
|---|---|---|---|
| 001 | 18484 | ||
| 008 | 160829s1912 xx 000 0 cat d | ||
| 080 | |a RF-3-6 | ||
| 245 | |a Reglamento para la concesión de pensiones de retiro, de viudedad y de orfandad a los empleados en las líneas de la Compañía de los ferrocarriles de Madrid a Zaragoza y a Alicante y a las familias de dichos empleados | ||
| 260 | |a Madrid : |b Est. tip. sucesores de Rivadeneyra, |c 1912 | ||
| 300 | |a 18 p. ; |c 17 cm | ||
| 650 | |a Pensions de jubilació |9 40022 | ||
| 650 | |a Ferroviaris |x Pensions |9 40023 | ||
| 856 | 4 | |u https://media.diba.cat/diba/fitxers/arxiu/fulletons/bib_18484_1912_baixa.pdf |y Accés lliure | |
| 856 | 4 | |u https://media.diba.cat/diba/fitxers/arxiu/fulletons/bib_18484_1912_baixa.pdf |y Accés lliure | |
| 901 | |a Arxiu | ||
| 942 | |n 1 |2 udc | ||
| 952 | |0 0 |1 0 |4 0 |6 RF36 |7 1 |9 49372 |a Arxiu |b Arxiu |d 2016-12-01 |l 0 |o RF-3-6 |p 18484 |r 2016-12-01 00:00:00 |w 2016-12-01 |y ARXIU | ||
| 999 | |c 53214 |d 53214 | ||
| 900 | |a bib_18484_1912_baixa.pdf | ||